The Malaysian hotel & restaurant purchasing handbook (Record no. 22331)
[ view plain ]
| 000 -LEADER | |
|---|---|
| fixed length control field | 00701nam a2200241#a 4500 |
| 001 - CONTROL NUMBER | |
| control field | 00716 |
| 003 - CONTROL NUMBER IDENTIFIER | |
| control field | HDC |
| 007 - PHYSICAL DESCRIPTION FIXED FIELD--GENERAL INFORMATION | |
| fixed length control field | ta |
| 008 - FIXED-LENGTH DATA ELEMENTS--GENERAL INFORMATION | |
| fixed length control field | 230623s2006 xx 000 0 eng d |
| 040 ## - CATALOGING SOURCE | |
| Original cataloging agency | HDC |
| 050 ## - LIBRARY OF CONGRESS CALL NUMBER | |
| Classification number | MHR TX 907.5 |
| Item number | . M35 2006 |
| 245 #4 - TITLE STATEMENT | |
| Title | The Malaysian hotel & restaurant purchasing handbook |
| 250 ## - EDITION STATEMENT | |
| Edition statement | 9th ed. |
| 264 ## - PRODUCTION, PUBLICATION, DISTRIBUTION, MANUFACTURE, AND COPYRIGHT NOTICE | |
| Place of production, publication, distribution, manufacture | Petaling Jaya, Selangor : |
| Name of producer, publisher, distributor, manufacturer | Media People (Asia-Pacific) Sdn Bhd, |
| Date of production, publication, distribution, manufacture, or copyright notice | [2006]- |
| 300 ## - PHYSICAL DESCRIPTION | |
| Extent | v. : |
| Other physical details | ill. ; |
| Dimensions | 30cm. |
| 500 ## - GENERAL NOTE | |
| General note | Publisher formerly known as Advance Medialink |
| 650 ## - SUBJECT ADDED ENTRY--TOPICAL TERM | |
| Topical term or geographic name entry element | Hotels |
| Form subdivision | Handbooks, manuals, etc. |
| 650 ## - SUBJECT ADDED ENTRY--TOPICAL TERM | |
| Topical term or geographic name entry element | Restaurant |
| Form subdivision | Handbooks, manuals, etc. |
| 942 ## - ADDED ENTRY ELEMENTS (KOHA) | |
| Source of classification or shelving scheme | Library of Congress Classification |
| 942 ## - ADDED ENTRY ELEMENTS (KOHA) | |
| Koha item type | Book |
| 942 ## - ADDED ENTRY ELEMENTS (KOHA) | |
| Call number prefix | MHR TX 907.5 |
| 942 ## - ADDED ENTRY ELEMENTS (KOHA) | |
| Call number suffix | . M35 2006 |
| Withdrawn status | Lost status | Source of classification or shelving scheme | Damaged status | Not for loan | Collection | Home library | Current library | Shelving location | Date acquired | Total checkouts | Full call number | Date last seen | Price effective from | Koha item type |
|---|---|---|---|---|---|---|---|---|---|---|---|---|---|---|
| Library of Congress Classification | Non-fiction | Halal Development Corporation Library | Halal Development Corporation Library | Open Shelves | 17/11/2020 | MHR TX 907.5 . M35 2006 | 24/05/2023 | 24/05/2023 | Book |
